Normal view
MARC view
Entry Personal Name
001 - CONTROL NUMBER
- control field: 84513
003 - CONTROL NUMBER IDENTIFIER
- control field: dpl
005 - DATE AND TIME OF LATEST TRANSACTION
- control field: 20250902161951.0
008 - FIXED-LENGTH DATA ELEMENTS
- fixed length control field: 250902|| aca||aabn | a|a d
040 ## - CATALOGING SOURCE
- Original cataloging agency: dpl
- Transcribing agency: dpl
100 ## - HEADING--PERSONAL NAME
- Personal name: हबीब, शबाना
670 ## - SOURCE DATA FOUND
- Source citation: Work cat.: (dpl)213222: हबीब, शबाना, समकालीन साहित्य में तृतीय प्रकृति समुदाय/, 2021
